000 00764nam a2200229Ia 4500
008 130821s1994 sp gr spa
020 _a958 04 6967 9
040 _aCo-BoUCM
_bspa
041 0 0 _aspa
245 1 0 _aLazarillo de Tormes
_cAnónimo ; versión de Conrado González Mejía
250 _a2a ed.
260 _aBarcelona (España)
_bGrupo Editorial Norma
_c1994
300 _a69, 34 páginas
490 0 _aColección cara y cruz
501 _aA propósito de la novela picaresca.
650 _aLiteratura española
_97793
650 _aLiteratura europea
_926524
650 _aNovela española
_920500
700 1 _aGonzález Mejía, Conrado
_d1912-
_9169714
942 _cLIBRO
_a18
_e2
_mL431L
_2DEWEY
_h863.3
999 _c77456
_d77456